| 000 | 00474nam a2200181Ia 4500 | ||
|---|---|---|---|
| 001 | 8439 | ||
| 005 | 20260306160609.0 | ||
| 008 | 260306t2004||||xx |||||||||||||| ||spa|| | ||
| 041 | _aESP | ||
| 082 |
_a371.007 _bB42 |
||
| 100 |
_aBenavides, Martín _eAUT |
||
| 245 | 0 |
_aEducación, procesos pedagógicos y equidad: _bcuatro informes de investigación |
|
| 260 | _c2004 | ||
| 300 |
_a248 páginas : _c22 cm. |
||
| 650 | _aGEN | ||
| 654 | _aCED | ||
| 942 |
_cLIB _dJUS _fJUS _2ddc _n |
||
| 999 |
_c8439 _d8439 |
||